Fire Emblem Playable Characters - W - Statistics

General Stats
  • This quiz has been taken 87 times
  • The average score is 6 of 9
Answer Stats
Answer % Correct
Wallace
83%
Wendell
83%
Wade
78%
Walhart
78%
Wolt
78%
Warren
61%
Wil
61%
Wolf
61%
Wrys
57%
No matching quizzes found
Score Distribution
Percent of People with Each Score
Percentile by Number Answered
Your Score History
You have not taken this quiz